| 000 | 00641nam a2200193 i 4500 | ||
|---|---|---|---|
| 001 | 129820 | ||
| 003 | ES-MaACL | ||
| 005 | 20230906193602.0 | ||
| 007 | t| | ||
| 008 | 070706s1964 sp ||||1| baq d | ||
| 100 | 1 |
_aZubillaga, José Ramón. _9118401 |
|
| 245 | 1 | 0 |
_aLardasketa (Parrez ta negarrez Bedayo'tar balek Argentina'n idatzia) / _cJosé Ramón Zubillaga. |
| 260 |
_a[Tolosa] : _bAuspoa, _c1964 ( _eSan Sebastián : _fGráfs. Izarra) |
||
| 300 |
_a269 p. ; _c18 cm. |
||
| 490 | 1 |
_aColección Auspoa ; _v40-41 |
|
| 830 | 0 |
_aColección Auspoa ; _v40-41 _9219384 |
|
| 852 |
_aES-MaACL _jC-26936 _bR.55614 |
||
| 999 |
_c129820 _d129820 |
||